<?xml version="1.0" encoding="UTF-8"?>
<collection xmlns="http://www.loc.gov/MARC21/slim">
  <record>
    <leader>00000nam  2200000   4500</leader>
    <controlfield tag="001">INLIS000000000016940</controlfield>
    <controlfield tag="005">20240322025822</controlfield>
    <datafield tag="035" ind1="#" ind2="#">
      <subfield code="a">0010-0324000087</subfield>
    </datafield>
    <controlfield tag="007">ta</controlfield>
    <controlfield tag="008">240322################|##########|#|##</controlfield>
    <datafield tag="084" ind1="#" ind2="#">
      <subfield code="a">R 003 LATSAR 2021</subfield>
    </datafield>
    <datafield tag="100" ind1=" " ind2="#">
      <subfield code="a">Lukman Hakim</subfield>
    </datafield>
    <datafield tag="245" ind1="1" ind2="#">
      <subfield code="a">Optimalisasi Penyajian Data Kehadiran Pegawai KASN Melalui Pembuatan Dashboard Menggunakan Google Data Studio /</subfield>
      <subfield code="c">Lukman Hakim</subfield>
    </datafield>
    <datafield tag="260" ind1="#" ind2="#">
      <subfield code="a">Jakarta :</subfield>
      <subfield code="b">Pusbangkader,</subfield>
      <subfield code="c">2021</subfield>
    </datafield>
    <datafield tag="300" ind1="#" ind2="#">
      <subfield code="a">70 halaman ;</subfield>
      <subfield code="c">30 cm</subfield>
    </datafield>
    <datafield tag="650" ind1="#" ind2="4">
      <subfield code="a">Google Data Studio</subfield>
    </datafield>
    <datafield tag="520" ind1="#" ind2="#">
      <subfield code="a">Pemilihan gagasan tersebut dipilih dengan mempertimbangkan beberapa hal sebagai berikut :&#13;
1. Belum adanya dashboard yang menggambarkan statistik absensi pegawai KASN&#13;
2. Absensi pegawai dapat dijadikan sebagai indikator produktivitas&#13;
3. Absensi pegawai dapat digunakan untuk membuat penilaian terhadap kinerja seorang pegawai terutama terkait loyalitas dan komitmen terhadap pekerjaan</subfield>
    </datafield>
    <datafield tag="856" ind1="#" ind2="#">
      <subfield code="a">Perpustakaan LAN Pusat</subfield>
    </datafield>
    <datafield tag="990" ind1="#" ind2="#">
      <subfield code="a">23.10.003</subfield>
    </datafield>
  </record>
</collection>
